Diskusia o GMO pokračuje

GMO - geneticky modifikované organizmy. Produkcia GMO podlieha v rámci EÚ osobitnému režimu, osobitným zákonom pri pestovaní, spracovaní, preprave a obchodovaní. Prednosť má voľný obchod. Dlhodobý spor medzi Európskou úniou a USA. Bezpečnosť geneticky modifikovaných potravín je prísne sledovaná. Bud...

Descripción completa

Guardado en:
Detalles Bibliográficos
Autor principal: Vojtková, Viera
Formato: Capítulo de libro
Lenguaje:eslovaco
Materias:
Etiquetas: Agregar Etiqueta
Sin Etiquetas, Sea el primero en etiquetar este registro!

MARC

LEADER 00000naa$a2200000$$$4500
001 0092066
005 20231109065728.6
041 0 |a slo 
044 |a SK 
245 1 0 |a Diskusia o GMO pokračuje  |c Viera Vojtková 
520 |a GMO - geneticky modifikované organizmy. Produkcia GMO podlieha v rámci EÚ osobitnému režimu, osobitným zákonom pri pestovaní, spracovaní, preprave a obchodovaní. Prednosť má voľný obchod. Dlhodobý spor medzi Európskou úniou a USA. Bezpečnosť geneticky modifikovaných potravín je prísne sledovaná. Budúcnosť GMO. 
610 2 0 |a potraviny modifikované geneticky 
610 2 0 |a bezpečnosť potravinová 
610 2 0 |a kontrola 
610 2 0 |a obchod 
610 2 0 |a obchod voľný 
100 1 |a Vojtková, Viera